000 00846nam a2200277 i 4500
001 000017098
003 DO-SdBNP
005 20230920114227.0
007 ta
008 100317s1984 dr a 000 0 spa d
040 _aDO-SdBNP
_bspa
_cBNPHU
_erda
082 _a461
_b C758L
_222
100 1 _aConstanzo Martínez, Ynés
_937690
245 1 0 _aEspañola II /
_cYnés Constancio Martínez, José Antonio Royuela.
250 _a2da. edición.
264 _aSanto Domingo :
_bColegial Quisqueyana,
_c1984
300 _a312 paginas. :
_bilustraciones ;
_c25 cm.
336 _2rdacontent
_atexto
_btxt
337 _2rdamedia
_asin mediación
_bn
338 _2rdacarrier
_avolumen
_bnc
590 _aInventariado, 2023 / DG
650 4 _aEspañol
_xEnseñanza
_9406
700 1 _aRoyuela, José Antonio
_937691
910 _aDG
942 _2ddc
_cLBS1
999 _c54853
_d54853